| 000 | 00470nam a2200181 a 4500 | ||
|---|---|---|---|
| 001 | 6442 | ||
| 003 | CO-ViMGA | ||
| 008 | 141112s2004 ck r 000 u spa d | ||
| 040 |
_aCO-ViMGA _bspa _cCO-ViMGA |
||
| 082 | 0 | 4 | _a631.42 D654 |
| 100 | 1 |
_aDominguez Vivancos, Alonso _95222 |
|
| 245 | 1 | 0 | _aTratado de fertilización |
| 250 | _a2a | ||
| 260 |
_aMadrid : _bMundi - Prensa, _c1989 |
||
| 300 | _a601 p : il | ||
| 650 | 1 | 4 |
_aSUELOS - FERTILIZACION _95223 |
| 942 |
_2ddc _cBK |
||
| 999 |
_c18412 _d18412 |
||